[Event "Svetla nad Sazavou Mares Memorial"]
[Site "Svetla nad Sazavou"]
[Date "2023.12.29"]
[Round "7"]
[White "Hosticka, Frantisek"]
[Black "Vincze, Roman"]
[Result "1/2-1/2"]
[WhiteElo "2032"]
[BlackElo "2133"]
[PlyCount "70"]
[EventDate "2023.12.29"]
[EventType "swiss"]
[EventRounds "9"]
[EventCountry "CZE"]
[SourceTitle "CB02_2024"]
[SourceDate "2024.01.10"]
[SourceVersion "1"]
[SourceVersionDate "2024.01.10"]
[SourceQuality "1"]

1. e4 e6 2. d4 d5 3. e5 c5 4. c3 Qb6 5. a3 Bd7 6. Nf3 h6 7. b4 cxd4 8. cxd4 Bb5 9. Bxb5+ Qxb5 10. Nc3 Qb6 11. 0-0 Nd7 12. Na4 Qb5 13. Nc5 Ne7 14. a4 Qb6 15. Qd3 Nc6 16. a5 Qc7 17. a6 b6 18. Nxd7 Qxd7 19. b5 Na5 20. Nd2 Rc8 21. Ba3 Bxa3 22. Rxa3 0-0 23. Qg3 Nc4 24. Nxc4 Rxc4 25. Qg4 Qxb5 26. Rg3 g6 27. Qf4 h5 28. Qf6 Qd7 29. Rg5 Rxd4 30. Rxh5 gxh5 31. Qg5+ Kh7 32. Qxh5+ Kg7 33. Qg5+ Kh7 34. Qh5+ Kg7 35. Qg5+ Kh7 1/2-1/2

[Event "Trebic Highlands op 12th"]
[Site "Trebic"]
[Date "2018.09.29"]
[Round "9"]
[White "Vincze, Roman"]
[Black "Svizensky, Lubos"]
[Result "1-0"]
[WhiteElo "2097"]
[BlackElo "1937"]
[PlyCount "101"]
[EventDate "2018.09.22"]
[EventType "swiss"]
[EventRounds "9"]
[EventCountry "CZE"]
[SourceTitle "CBM 186 Extra"]
[Source "ChessBase"]
[SourceDate "2018.08.24"]
[SourceVersion "1"]
[SourceVersionDate "2018.08.24"]
[SourceQuality "1"]

1. d4 Nf6 2. Nf3 d5 3. Bf4 Bf5 4. e3 e6 5. a3 c5 6. Bxb8 Qxb8 7. Bb5+ Kd8 8. c4 a6 9. Ba4 cxd4 10. cxd5 exd5 11. Nxd4 Be6 12. Nc3 Bc5 13. Rc1 Qd6 14. Nce2 Ke7 15. 0-0 Rhd8 16. Qc2 Rac8 17. Nf5+ Bxf5 18. Qxf5 Qe6 19. Qg5 Kf8 20. Bc2 h6 21. Qf5 Qxf5 22. Bxf5 Rc7 23. Rfd1 Ke7 24. b4 Bd6 25. Rxc7+ Bxc7 26. Kf1 a5 27. Rc1 Bd6 28. bxa5 Ra8 29. Rb1 Rxa5 30. Rxb7+ Kf8 31. Nd4 g6 32. Rb6 Ne8 33. Bd7 Bc7 34. Rc6 Ra7 35. Bxe8 Kxe8 36. Nb5 Rb7 37. Nxc7+ Kd7 38. Rc3 Rxc7 39. Rxc7+ Kxc7 40. Ke2 Kb6 41. Kd3 Ka5 42. Kd4 Ka4 43. Kxd5 Kxa3 44. Ke5 Kb2 45. Kf6 Kc2 46. Kxf7 Kd2 47. Kxg6 Ke2 48. Kxh6 Kxf2 49. e4 Kxg2 50. e5 Kxh2 51. e6 1-0

[Event "Trebic Highlands op 12th"]
[Site "Trebic"]
[Date "2018.09.28"]
[Round "7"]
[White "Vincze, Roman"]
[Black "Chu, Ruotong"]
[Result "0-1"]
[WhiteElo "2097"]
[BlackElo "2199"]
[PlyCount "136"]
[EventDate "2018.09.22"]
[EventType "swiss"]
[EventRounds "9"]
[EventCountry "CZE"]
[SourceTitle "CBM 186 Extra"]
[Source "ChessBase"]
[SourceDate "2018.08.24"]
[SourceVersion "1"]
[SourceVersionDate "2018.08.24"]
[SourceQuality "1"]

1. d4 Nf6 2. Bg5 d5 3. Bxf6 exf6 4. e3 Bd6 5. a3 c6 6. c4 dxc4 7. Bxc4 0-0 8. Nc3 f5 9. Nf3 Nd7 10. 0-0 Nf6 11. Qc2 Qe7 12. Rad1 g6 13. Rfe1 Ne4 14. Ne2 Re8 15. Ng3 h5 16. Nd2 Bxg3 17. hxg3 h4 18. gxh4 Qxh4 19. Nf3 Qf6 20. Ne5 Nd6 21. Be2 Kg7 22. g3 Be6 23. Bf3 Rh8 24. Nd3 g5 25. Bg2 Qh6 26. f3 Qh2+ 27. Kf2 Rh3 28. Rh1 Qxg3+ 29. Kf1 Rxh1+ 30. Bxh1 Rh8 31. Qg2 Qh4 32. Ke2 f6 33. Qf2 Qxf2+ 34. Kxf2 Bd5 35. Bg2 a5 36. Rh1 Re8 37. Re1 Bc4 38. Nc1 Nb5 39. Bf1 Bxf1 40. Rxf1 Nd6 41. Nd3 Nc4 42. Re1 Re7 43. a4 Kf7 44. Re2 Nb6 45. Nc5 Nd5 46. Nd3 Re8 47. Re1 Re7 48. Re2 Ke8 49. Re1 Kd7 50. Re2 Rh7 51. Kg2 b6 52. Re1 Kd6 53. Re2 Re7 54. Kf2 Rh7 55. Kg2 c5 56. dxc5+ bxc5 57. e4 c4 58. exd5 cxd3 59. Rd2 Rb7 60. Rxd3 Rxb2+ 61. Kg3 Rb4 62. Rc3 Kxd5 63. Rd3+ Rd4 64. Ra3 Kc4 65. Ra1 Kb3 66. Re1 Kxa4 67. Re6 g4 68. Rxf6 Rd3 0-1

[Event "Trebic Highlands op 11th"]
[Site "Trebic"]
[Date "2017.09.30"]
[Round "9"]
[White "Pribyl, Josef"]
[Black "Vincze, Roman"]
[Result "1/2-1/2"]
[WhiteElo "2263"]
[BlackElo "2099"]
[PlyCount "118"]
[EventDate "2017.09.23"]
[EventType "swiss"]
[EventRounds "9"]
[EventCountry "CZE"]
[SourceTitle "EXT 2018"]
[Source "ChessBase"]
[SourceDate "2017.10.13"]
[SourceVersion "1"]
[SourceVersionDate "2017.10.13"]
[SourceQuality "1"]

1. d4 d5 2. Bf4 Bf5 3. e3 c6 4. Nf3 e6 5. Be2 Nd7 6. Nbd2 h6 7. c4 dxc4 8. Bxc4 Ngf6 9. h3 Be7 10. a3 0-0 11. g4 Bg6 12. Rg1 Ne4 13. Nxe4 Bxe4 14. Bd3 Qa5+ 15. Ke2 Qd5 16. Bxe4 Qxe4 17. g5 h5 18. Rc1 g6 19. Ne5 Nxe5 20. Bxe5 Rad8 21. f4 c5 22. Qc2 Qc6 23. dxc5 Rd5 24. b4 Rfd8 25. Bc3 Rd3 26. Qxd3 Rxd3 27. Kxd3 Qf3 28. h4 Bf8 29. Bd4 a6 30. Rgf1 Qc6 31. Rc4 Bg7 32. Rfc1 Qa4 33. Bxg7 Kxg7 34. R4c3 Qc6 35. Kc2 e5 36. Kb2 Qe4 37. Rd1 exf4 38. Rd4 Qg2+ 39. Rc2 Qg3 40. Rxf4 Qxe3 41. Rcf2 Qe5+ 42. Kc2 f5 43. gxf6+ Kf7 44. Kb3 g5 45. hxg5 Qxg5 46. Kc3 h4 47. Re4 Qc1+ 48. Kd4 Qd1+ 49. Kc4 Qc1+ 50. Kd4 Qa1+ 51. Kc4 Qxa3 52. Re7+ Kf8 53. f7 Qc1+ 54. Kd4 Qd1+ 55. Kc3 Qc1+ 56. Kd4 Qa1+ 57. Kc4 Qc1+ 58. Kd4 Qd1+ 59. Kc3 Qa1+ 1/2-1/2

[Event "Trebic Highlands op 11th"]
[Site "Trebic"]
[Date "2017.09.27"]
[Round "5"]
[White "Walek, Petr"]
[Black "Vincze, Roman"]
[Result "1-0"]
[WhiteElo "2167"]
[BlackElo "2099"]
[PlyCount "39"]
[EventDate "2017.09.23"]
[EventType "swiss"]
[EventRounds "9"]
[EventCountry "CZE"]
[SourceTitle "EXT 2018"]
[Source "ChessBase"]
[SourceDate "2017.10.13"]
[SourceVersion "1"]
[SourceVersionDate "2017.10.13"]
[SourceQuality "1"]

1. e4 e6 2. d4 d5 3. Nc3 Nf6 4. Bg5 dxe4 5. Nxe4 Be7 6. Bxf6 Bxf6 7. Nf3 0-0 8. Qd2 b6 9. Nxf6+ Qxf6 10. Bd3 Bb7 11. Ng5 g6 12. 0-0-0 Nc6 13. h4 h6 14. Ne4 Qxd4 15. Qxh6 Nb4 16. h5 Bxe4 17. hxg6 Nxd3+ 18. Rxd3 Qg7 19. gxf7+ Rxf7 20. Rg3 1-0

[Event "CZE-chT1E 1617"]
[Site "Czech Republic"]
[Date "2017.03.26"]
[Round "10.3"]
[White "Vincze, Roman"]
[Black "Kopecek, Ivan"]
[Result "0-1"]
[WhiteElo "2093"]
[BlackElo "1882"]
[PlyCount "84"]
[EventDate "2016.10.16"]
[EventType "team-tourn"]
[EventRounds "11"]
[EventCountry "CZE"]
[SourceTitle "CBM 177 Extra"]
[Source "ChessBase"]
[SourceDate "2017.04.27"]
[SourceVersion "1"]
[SourceVersionDate "2017.04.27"]
[SourceQuality "1"]
[WhiteTeam "Jihlava Gordic"]
[BlackTeam "Brno Moravska Slavia"]
[WhiteTeamCountry "CZE"]
[BlackTeamCountry "CZE"]

1. d4 Nf6 2. Bg5 e6 3. e3 b6 4. Nf3 Bb7 5. Be2 Be7 6. 0-0 Ne4 7. Bxe7 Qxe7 8. Nbd2 0-0 9. Nxe4 Bxe4 10. Nd2 Bb7 11. Bf3 Nc6 12. c4 f5 13. Nb1 Nd8 14. Nc3 d6 15. b3 c6 16. e4 f4 17. e5 dxe5 18. dxe5 Nf7 19. Qe2 Ng5 20. Rfe1 Nxf3+ 21. Qxf3 c5 22. Qg4 Rf5 23. f3 Raf8 24. Nb5 Rg5 25. Qh3 Rff5 26. Nd6 Rxe5 27. Nxb7 Qxb7 28. Rxe5 Rxe5 29. Rd1 Qe7 30. Qg4 Qf6 31. Kf1 Re3 32. Qh5 h6 33. Qe8+ Kh7 34. Qd7 Qh4 35. h3 Qg3 36. Qxa7 Rxf3+ 37. gxf3 Qxf3+ 38. Ke1 Qe3+ 39. Kf1 f3 40. Re1 Qd2 41. Rxe6 Qg2+ 42. Ke1 f2+ 0-1

[Event "CZE-chT1E 1617"]
[Site "Czech Republic"]
[Date "2017.01.22"]
[Round "6.1"]
[White "Husek, Martin"]
[Black "Vincze, Roman"]
[Result "0-1"]
[WhiteElo "2089"]
[BlackElo "2093"]
[PlyCount "96"]
[EventDate "2016.10.16"]
[EventType "team-tourn"]
[EventRounds "11"]
[EventCountry "CZE"]
[SourceTitle "CBM 177 Extra"]
[Source "ChessBase"]
[SourceDate "2017.04.27"]
[SourceVersion "1"]
[SourceVersionDate "2017.04.27"]
[SourceQuality "1"]
[WhiteTeam "Stare Mesto"]
[BlackTeam "Jihlava Gordic"]
[WhiteTeamCountry "CZE"]
[BlackTeamCountry "CZE"]

1. e4 e6 2. d4 d5 3. Nd2 Nf6 4. e5 Nfd7 5. Bd3 c5 6. c3 b6 7. f4 Ba6 8. Bc2 cxd4 9. cxd4 Nc6 10. Ndf3 Rc8 11. a3 Qc7 12. Bd3 Bxd3 13. Qxd3 Na5 14. b4 Qc4 15. Qe3 Nb3 16. Nd2 Nxa1 17. Nxc4 Nc2+ 18. Kd2 Nxe3 19. Nxe3 b5 20. Ne2 Nb6 21. f5 Nc4+ 22. Kd3 Nxe3 23. Bxe3 Be7 24. Rf1 0-0 25. f6 gxf6 26. exf6 Bd6 27. Bh6 Rfe8 28. Rf3 Bf8 29. Rg3+ Kh8 30. Bd2 Bd6 31. Rg7 Rc7 32. Bf4 Bxf4 33. Nxf4 Rg8 34. Nxe6 Rc6 35. Nf4 Rxg7 36. fxg7+ Kxg7 37. Nxd5 Ra6 38. Ke4 Rxa3 39. Ke5 a5 40. bxa5 Rxa5 41. Kd6 Ra4 42. Ke5 b4 43. Nb6 Ra2 44. d5 b3 45. d6 b2 46. d7 b1Q 47. d8Q Re2+ 48. Kf4 Qf1+ 0-1

[Event "CZE-chT2E 1516"]
[Site "Czech Republic"]
[Date "2016.01.10"]
[Round "5.7"]
[White "Vincze, Roman"]
[Black "Macharacek, Simon"]
[Result "1/2-1/2"]
[WhiteElo "2125"]
[BlackElo "2215"]
[PlyCount "90"]
[EventDate "2015.10.18"]
[EventType "team-tourn"]
[EventRounds "11"]
[EventCountry "CZE"]
[SourceTitle "EXT 2022"]
[Source "ChessBase"]
[SourceDate "2021.10.06"]
[SourceVersion "1"]
[SourceVersionDate "2021.10.06"]
[SourceQuality "1"]
[WhiteTeam "Jihlava Gordic"]
[BlackTeam "Brno Duras II"]
[WhiteTeamCountry "CZE"]
[BlackTeamCountry "CZE"]

1. d4 Nf6 2. Bg5 Ne4 3. Bf4 c5 4. d5 Qb6 5. Bc1 e6 6. f3 Nf6 7. e4 exd5 8. exd5 g6 9. c4 Bg7 10. Nc3 0-0 11. Bd3 d6 12. h3 Nbd7 13. f4 Nh5 14. Nge2 Qd8 15. 0-0 f5 16. Bd2 Nb6 17. Qc2 Bd7 18. Rae1 a6 19. b3 Rb8 20. Nb1 Na8 21. Bc3 b5 22. Bxg7 Kxg7 23. Nd2 Nb6 24. Kh2 Qf6 25. Ng3 Nxg3 26. Kxg3 bxc4 27. Bxc4 Rfe8 28. Rxe8 Rxe8 29. Nf3 Re3 30. Bxa6 Qd4 31. Rd1 Rc3 32. Qe2 Qe4 33. Re1 Qxe2 34. Rxe2 Nxd5 35. Bb7 Nf6 36. Kh2 Kf8 37. Ng5 d5 38. Ne6+ Bxe6 39. Rxe6 Kf7 40. Re5 d4 41. Bd5+ Nxd5 42. Rxd5 Ke6 43. Rd8 Rc2 44. b4 cxb4 45. Rxd4 Rxa2 1/2-1/2

[Event "CZE-chT2C 1415"]
[Site "Czech Republic"]
[Date "2015.02.08"]
[Round "7.8"]
[White "Jelinek, Vaclav"]
[Black "Vincze, Roman"]
[Result "1/2-1/2"]
[WhiteElo "1945"]
[BlackElo "2134"]
[PlyCount "75"]
[EventDate "2014.11.02"]
[EventType "team-tourn"]
[EventRounds "11"]
[EventCountry "CZE"]
[SourceTitle "EXT 2022"]
[Source "ChessBase"]
[SourceDate "2021.10.06"]
[SourceVersion "1"]
[SourceVersionDate "2021.10.06"]
[SourceQuality "1"]
[WhiteTeam "Kolin"]
[BlackTeam "Jihlava Gordic"]
[WhiteTeamCountry "CZE"]
[BlackTeamCountry "CZE"]

1. g3 d5 2. Bg2 c6 3. Nf3 Bf5 4. d3 e6 5. 0-0 Nf6 6. Nbd2 Be7 7. b3 0-0 8. Bb2 Qb6 9. h3 h6 10. c4 Rd8 11. Qc1 Nbd7 12. Ne5 Nxe5 13. Bxe5 Nd7 14. Bb2 Bf6 15. Bxf6 Nxf6 16. Nf3 a5 17. g4 Bh7 18. Qf4 a4 19. Rfb1 axb3 20. Rxb3 Qxb3 21. axb3 Rxa1+ 22. Kh2 Ne8 23. g5 hxg5 24. Nxg5 Bg6 25. Nxe6 fxe6 26. Qg5 Raa8 27. Qxg6 Nc7 28. Bf3 Rf8 29. Qg3 Ne8 30. Bg4 Rf6 31. Kg2 Rd8 32. Qe5 Kf7 33. b4 dxc4 34. dxc4 Nd6 35. Qh5+ Kg8 36. Qe5 Kf7 37. Qh5+ Kg8 38. Qe5 1/2-1/2

[Event "CZE-chT2C 1213"]
[Site "Czech Republic"]
[Date "2013.02.03"]
[Round "8.4"]
[White "Vincze, Roman"]
[Black "Meszaros, Ludek"]
[Result "1/2-1/2"]
[WhiteElo "2111"]
[BlackElo "2124"]
[PlyCount "88"]
[EventDate "2012.10.14"]
[EventType "team-tourn"]
[EventRounds "11"]
[EventCountry "CZE"]
[SourceTitle "EXT 2015"]
[Source "ChessBase"]
[SourceDate "2014.11.20"]
[SourceVersion "1"]
[SourceVersionDate "2014.11.20"]
[SourceQuality "1"]
[WhiteTeam "Jihlava Gambit"]
[BlackTeam "Tabor"]
[WhiteTeamCountry "CZE"]
[BlackTeamCountry "CZE"]

1. d4 g6 2. Bf4 Bg7 3. e3 c5 4. c3 Nf6 5. Nf3 0-0 6. Be2 b6 7. Qb3 d6 8. 0-0 Be6 9. Qa4 Nh5 10. Bg5 h6 11. Bh4 g5 12. Bg3 Nxg3 13. hxg3 Bf5 14. Rd1 Nd7 15. Nbd2 Nf6 16. e4 Bd7 17. Bb5 a6 18. Bxd7 Nxd7 19. dxc5 Nxc5 20. Qc2 Rc8 21. Nb3 Qc7 22. Nxc5 bxc5 23. Rd5 Rb8 24. Re1 Qa5 25. a3 Qb6 26. Re2 Rb7 27. e5 Qc6 28. Qd1 dxe5 29. Nxe5 Bxe5 30. Rdxe5 e6 31. b4 cxb4 32. cxb4 Rd7 33. Rd2 Rfd8 34. Ree2 Rd5 35. Rxd5 exd5 36. Rd2 Qc4 37. Rd4 Qa2 38. Qd3 Rd6 39. Kh2 Kg7 40. f4 Kg8 41. f5 Kg7 42. g4 Qf2 43. Rxd5 Qh4+ 44. Kg1 Qe1+ 1/2-1/2

[Event "CZE-chT1E 1213"]
[Site "Czech Republic"]
[Date "2013.01.13"]
[Round "5.8"]
[White "Zimniok, Lubomir"]
[Black "Vincze, Roman"]
[Result "1/2-1/2"]
[WhiteElo "2145"]
[BlackElo "2111"]
[PlyCount "123"]
[EventDate "2012.10.21"]
[EventType "team-tourn"]
[EventRounds "11"]
[EventCountry "CZE"]
[SourceTitle "EXT 2014"]
[Source "ChessBase"]
[SourceDate "2013.11.20"]
[SourceVersion "1"]
[SourceVersionDate "2013.11.20"]
[SourceQuality "1"]
[WhiteTeam "Karvina"]
[BlackTeam "Jihlava"]
[WhiteTeamCountry "CZE"]
[BlackTeamCountry "CZE"]

1. e4 e6 2. d4 d5 3. e5 c5 4. Nf3 cxd4 5. Bd3 Ne7 6. Bf4 Nec6 7. 0-0 b6 8. Qe2 a5 9. Nbd2 Ba6 10. Bxa6 Rxa6 11. Nb3 Be7 12. Nbxd4 Nxd4 13. Nxd4 Ra7 14. Qg4 g6 15. Bh6 Qc8 16. Qh3 Rg8 17. Nb5 Rd7 18. Be3 h5 19. a4 Qb7 20. Rad1 Nc6 21. f4 Na7 22. Nd4 Bc5 23. Ne2 Nc8 24. Bf2 Ne7 25. Qf3 Qc6 26. Qb3 Nf5 27. Ng3 Nxg3 28. hxg3 Kf8 29. Rd3 Kg7 30. Re1 Rc8 31. Re2 Rb7 32. Kf1 Bxf2 33. Rxf2 b5 34. Rc3 Qd7 35. Rxc8 Qxc8 36. axb5 Qc5 37. Ke1 Rxb5 38. Qa3 Rb4 39. Re2 Qg1+ 40. Kd2 Rd4+ 41. Kc3 Qd1 42. b3 a4 43. Rf2 axb3 44. Kxb3 Qb1+ 45. Kc3 Rc4+ 46. Kd3 Qb6 47. Rd2 Qg1 48. c3 Qe1 49. Kc2 Qe3 50. Rd3 Qe2+ 51. Rd2 Qe3 52. Rd3 Qe4 53. Kd2 Qxg2+ 54. Kd1 Qf1+ 55. Kd2 Re4 56. Kc2 Re2+ 57. Rd2 Re3 58. Qe7 Rxg3 59. Qf6+ Kg8 60. Qd8+ Kh7 61. Qf6 Kg8 62. Qd8+ 1/2-1/2

[Event "CZE-chT2C 1213"]
[Site "Czech Republic"]
[Date "2012.12.02"]
[Round "4.5"]
[White "Vincze, Roman"]
[Black "Vevera, Radek"]
[Result "1-0"]
[WhiteElo "2111"]
[BlackElo "2109"]
[PlyCount "83"]
[EventDate "2012.10.14"]
[EventType "team-tourn"]
[EventRounds "11"]
[EventCountry "CZE"]
[SourceTitle "EXT 2015"]
[Source "ChessBase"]
[SourceDate "2014.11.20"]
[SourceVersion "1"]
[SourceVersionDate "2014.11.20"]
[SourceQuality "1"]
[WhiteTeam "Jihlava Gambit"]
[BlackTeam "Praha Bohemians II"]
[WhiteTeamCountry "CZE"]
[BlackTeamCountry "CZE"]

1. d4 Nf6 2. Bg5 Ne4 3. Bf4 d5 4. Nd2 Bf5 5. e3 e6 6. Bd3 Bd6 7. Bxd6 Nxd6 8. Bxf5 Nxf5 9. Ngf3 Nd7 10. 0-0 0-0 11. c4 c6 12. cxd5 exd5 13. b4 Nd6 14. Qb3 Qe7 15. a4 a6 16. Ne1 b5 17. Nd3 Nc4 18. Nf3 Ndb6 19. Nc5 Rfb8 20. Ra2 Ra7 21. Rfa1 Nxa4 22. Nxa4 bxa4 23. Qxa4 Qxb4 24. Qxc6 Qb1+ 25. Ne1 Qe4 26. Rxa6 Rxa6 27. Qxa6 h6 28. h3 Kh7 29. Nf3 Rb2 30. Qa7 Qc2 31. Rf1 Nxe3 32. Ne1 Qe2 33. fxe3 Rb1 34. Qa5 Qxe3+ 35. Kh1 Qe2 36. Rg1 Qe4 37. Qd2 Rb3 38. Nf3 f6 39. Re1 Qf5 40. Nh4 Qc8 41. Rc1 Qb7 42. Qc2+ 1-0

[Event "CZE-chT1E 1213"]
[Site "Czech Republic"]
[Date "2012.11.10"]
[Round "3.8"]
[White "Kratochvil, Karel"]
[Black "Vincze, Roman"]
[Result "0-1"]
[WhiteElo "2204"]
[BlackElo "2111"]
[PlyCount "78"]
[EventDate "2012.10.21"]
[EventType "team-tourn"]
[EventRounds "11"]
[EventCountry "CZE"]
[SourceTitle "EXT 2014"]
[Source "ChessBase"]
[SourceDate "2013.11.20"]
[SourceVersion "1"]
[SourceVersionDate "2013.11.20"]
[SourceQuality "1"]
[WhiteTeam "Brno Duras"]
[BlackTeam "Jihlava"]
[WhiteTeamCountry "CZE"]
[BlackTeamCountry "CZE"]

1. d4 d5 2. c4 c6 3. Nc3 Nf6 4. Nf3 dxc4 5. Ne5 b5 6. g3 Bb7 7. Bg2 a6 8. a4 Qc8 9. 0-0 Nbd7 10. f4 e6 11. e4 Be7 12. f5 exf5 13. Rxf5 0-0 14. Bg5 Nxe5 15. Rxe5 Bd8 16. Qf3 Nd7 17. Rf5 Bxg5 18. Rxg5 Qd8 19. Qg4 g6 20. e5 Qe7 21. Ne4 f5 22. Qh4 Qg7 23. Nd6 h6 24. Nxb7 hxg5 25. Qxg5 Rac8 26. Nd6 Rc7 27. axb5 axb5 28. Ra6 Nxe5 29. dxe5 Qxe5 30. Qxg6+ Rg7 31. Qh6 Qe1+ 32. Bf1 f4 33. Nf5 Rxf5 34. Ra8+ Rf8 35. Rxf8+ Kxf8 36. Qxf4+ Rf7 37. Qh6+ Ke7 38. Qh4+ Rf6 39. Qh7+ Kd6 0-1

[Event "CZE-chT2D 1011"]
[Site "Czech Republic"]
[Date "2010.11.21"]
[Round "3"]
[White "Vincze, Roman"]
[Black "Mojzis, Jaroslav"]
[Result "0-1"]
[WhiteElo "2077"]
[BlackElo "2220"]
[PlyCount "108"]
[EventDate "2010.10.17"]
[EventType "team-tourn"]
[EventRounds "11"]
[EventCountry "CZE"]
[SourceTitle "EXT 2012"]
[Source "ChessBase"]
[SourceDate "2011.11.24"]
[SourceVersion "1"]
[SourceVersionDate "2011.11.24"]
[SourceQuality "1"]
[WhiteTeam "Bedrichov"]
[BlackTeam "Polabiny II"]
[WhiteTeamCountry "CZE"]
[BlackTeamCountry "CZE"]

1. d4 Nf6 2. Bg5 d5 3. Bxf6 gxf6 4. e3 c5 5. c3 Qb6 6. Qb3 e6 7. Qxb6 axb6 8. Nd2 Bd7 9. a3 Rg8 10. g3 Bd6 11. Bd3 f5 12. f4 Ke7 13. Ngf3 Be8 14. Kf2 Nd7 15. Be2 Nf6 16. h3 Ne4+ 17. Nxe4 fxe4 18. Nd2 f6 19. Rag1 e5 20. dxe5 fxe5 21. f5 b5 22. g4 Rf8 23. Ra1 Bc6 24. Rhc1 c4 25. Nf1 h5 26. Ng3 hxg4 27. hxg4 Kf6 28. Rh1 Rh8 29. Rad1 d4 30. Rxh8 Rxh8 31. Nh5+ Kg5 32. cxd4 exd4 33. exd4 Bd5 34. Ke3 b4 35. axb4 Ra8 36. Rf1 Ra2 37. f6 Bf7 38. Rf5+ Kg6 39. Nf4+ Bxf4+ 40. Rxf4 Rxb2 41. Rxe4 Rxb4 42. Rf4 b5 43. Bf3 Rb3+ 44. Ke2 Rb2+ 45. Kd1 b4 46. d5 c3 47. d6 b3 48. Be4+ Kg5 49. Rf3 Rd2+ 50. Ke1 Rxd6 51. Rxc3 Re6 52. Kd2 Rxe4 53. Rc5+ Kxf6 54. Rf5+ Kg6 0-1

[Event "CZE-chT2D 0809"]
[Site "Czech Republic"]
[Date "2008.11.23"]
[Round "3.5"]
[White "Trojan, Lubos"]
[Black "Vincze, Roman"]
[Result "1/2-1/2"]
[WhiteElo "2084"]
[BlackElo "2059"]
[PlyCount "32"]
[EventDate "2008.10.12"]
[EventType "team-tourn"]
[EventRounds "11"]
[EventCountry "CZE"]
[SourceTitle "EXT 2010"]
[Source "ChessBase"]
[SourceDate "2010.11.25"]
[SourceVersion "1"]
[SourceVersionDate "2010.11.25"]
[SourceQuality "1"]

1. d4 d5 2. Nf3 Nf6 3. c4 c6 4. Nc3 dxc4 5. a4 Bf5 6. Ne5 Nbd7 7. Nxc4 Nd5 8. Nxd5 cxd5 9. Ne3 Be6 10. g3 Nf6 11. Bg2 Bd7 12. 0-0 e6 13. Bd2 Qb6 14. Bc3 a5 15. Qd2 Bd6 16. Rfb1 0-0 1/2-1/2

[Event "CZE-chT2D 0809"]
[Site "Czech Republic"]
[Date "2008.11.09"]
[Round "2.7"]
[White "Talpa, Pavel"]
[Black "Vincze, Roman"]
[Result "0-1"]
[WhiteElo "1904"]
[BlackElo "2059"]
[PlyCount "118"]
[EventDate "2008.10.12"]
[EventType "team-tourn"]
[EventRounds "11"]
[EventCountry "CZE"]
[SourceTitle "EXT 2010"]
[Source "ChessBase"]
[SourceDate "2010.11.25"]
[SourceVersion "1"]
[SourceVersionDate "2010.11.25"]
[SourceQuality "1"]

1. d4 d5 2. e3 Bf5 3. Bd3 Bxd3 4. Qxd3 c6 5. Nf3 Nf6 6. Nbd2 Nbd7 7. 0-0 e6 8. b3 Be7 9. Bb2 0-0 10. Ne5 Nxe5 11. dxe5 Nd7 12. e4 Qc7 13. Qg3 Nc5 14. exd5 cxd5 15. c4 Rfd8 16. Rfd1 dxc4 17. Nxc4 Rxd1+ 18. Rxd1 Rd8 19. Qf3 Rxd1+ 20. Qxd1 Nd7 21. Nd6 Nb6 22. Ne4 Nd5 23. g3 h6 24. Qe2 a6 25. Bd4 Nb4 26. Bc3 Nd5 27. Bd4 Qc6 28. Qg4 Kf8 29. f4 Qc1+ 30. Kf2 Qh1 31. Qf3 Qxh2+ 32. Qg2 Qxg2+ 33. Kxg2 b6 34. Kf3 h5 35. Nd2 Ke8 36. Nc4 b5 37. Nb2 Kd7 38. Nd3 Nb4 39. Nc1 Kc6 40. Ke4 g6 41. a4 Bc5 42. axb5+ Kxb5 43. Bxc5 Kxc5 44. Nd3+ Nxd3 45. Kxd3 Kb4 46. Kc2 a5 47. Kb2 a4 48. bxa4 Kxa4 49. Kc3 Kb5 50. Kd4 Kb4 51. Kd3 Kc5 52. Kc3 Kc6 53. Kc4 Kd7 54. Kd4 Ke7 55. Ke3 f6 56. Ke4 Kf7 57. Kd4 g5 58. exf6 gxf4 59. gxf4 Kxf6 0-1